00355nam a2200145Ia 4500008004100000020001800041041000800059082001500067100001900082245003100101250000600132260002900138300001200167650003000179210716s2010 xx 000 0 und d a9788131724842 aeng a658.3 DURP aDurai, Pravin. aHuman resource management. a1 aNew DelhibPearsonc2010 axii,668 aHuman Resource Management